000 01115cam a2200253 i 4500
003 SA-RiAUC
005 20260510134916.0
008 260420s1986 iq g b 00100 ara c
040 _aSA-JeALM
_bara
_cSA-RiAUC
_erda
041 1 _aara
_beng
050 4 _bA94 1986
082 0 4 _a811.064
090 _a811.064
_bب ا س
100 1 _aباسودان، عبدالله بن أحمد
_d1178 - 1266 هـ
_eمؤلف.
245 1 2 _aمطالع الأنوار شرح رشفات السادات الأبرار وبيان أوصافهم الجليلة المقدار /
_bللسيد العلامة عبدالرحمن بن عبدالله بلفقيه
_cتأليف عبدالله بن أحمد باسودان
264 1 _aتريم. حضرموت اليمن :
_bدار الأصول.
_c[بين 2000 و2020]
300 _a321 صفحة ؛
_c24 سم.
336 _aنص
_btxt
_2rdacontent
_3كتاب
337 _aبدون وسيط
_bn
_2rdamedia
650 7 _aالشعر العربي الصوفي
_2aucsh
650 7 _aالشعر الديني
_2aucsh
942 _2ddc
_cBOOK
_n0
949 _aSA-JeALM
_d260420
_uosman123
_n1
999 _c14902
_d14902